Statistics for Mamma Mia - ABBA Lyrics

Click here to take the quiz!

General Stats

  • This quiz has been taken 1,925 times
  • The average score is 208 of 262

Answer Stats

Answer% Correct
I
99%
a
98%
mia
97%
mamma
97%
you
97%
you?
97%
go
96%
go?
96%
here
95%
again
95%
again?
95%
my
94%
how
94%
be
91%
the
91%
we
90%
do
90%
can
90%
hear
88%
ever
87%
let
87%
know
87%
an
86%
been
86%
I've
86%
since
85%
it
85%
just
84%
to
83%
when
83%
and
83%
so
82%
day
82%
broken
82%
now
82%
resist
81%
don't
81%
look
81%
me
81%
by
80%
hearted
80%
missed
79%
parted
79%
one
78%
much
78%
show
77%
at
77%
up
77%
mind
77%
did
77%
why
76%
cheated
76%
does
75%
everything
75%
forget
75%
come
75%
end
75%
made
75%
will
75%
more
74%
ring
74%
control
74%
bell
73%
soul
73%
yes
73%
lose
73%
must
73%
really
72%
there's
72%
fire
72%
but
71%
blue
70%
within
69%
never
68%
suddenly
65%
could
64%
learn?
64%
that
64%
sad
60%
think
56%
all
55%
can't
55%
not
55%
angry
54%
things
53%
times
51%
count
49%
I'm
48%
about
46%
door
46%
slam
44%
too
44%
strong
43%
long
43%
we're
42%
through
41%
won't
41%
away
41%
woah
37%
told
36%
or
34%
leave
32%
it's
29%
say
28%
if
27%
play
27%
forever
27%
game
26%
doesn't
25%
even
24%
mean
24%
bye
22%

Score Distribution

Percentile by Number Answered

Percent of People with Each Score

Your Score History

You have not taken this quiz